00695nam a2200241 a 450000500170000000800410001704000250005804100080008308200160009110000290010724500830013626000410021930000100026065000380027065000190030865000230032765000120035065000130036265000110037565000210038665000160040770000300042320200104041504.0140113b1996 ck ||||| |||| 00| 0 spa d aCO-BoIAVHcCO-BoIAVH aspa a632.7bV73l aEscobar Sarria, Federico alos Insectos y su manejo en los sistemas de producción agrícola sostenible aValle del CaucabCIPAVbUMATAc1996? a19 p. aSistemas de producción agrarios aUso sostenible aManejo de recursos aInsecta aInsectos aPlagas aManejo de plagas aAgricultura aVillegas, María Cecilia